Administración de Recursos Humanos

Bibliographic Details
Main Author: Chiavenato, Idalberto
Format: Section = Libro
Language:Undetermined
Spanish
Published: Colombia McGraw-Hill 2001
Edition:5a.ed.
Subjects:
LEADER 00672nam a2200229Ia 4500
008 241007s9999||||xx |||||||||||||| ||und||
020 |a 958-41-0037-8 
040 |a BIBLIOTECA-RURC/ 658.3 Ch532 
041 |a spa 
082 |a 658.3 Ch532 
100 1 |a Chiavenato, Idalberto 
245 1 0 |a Administración de Recursos Humanos 
250 |a 5a.ed. 
260 |a Colombia  |b McGraw-Hill  |c 2001 
300 |a 699 p. :il. 
650 7 |a ADMINISTRACION DE PERSONAL - TALENTO HUMANO 
650 7 |b  RECLUTAMIENTO Y SELECCION DE PERSONAL 
650 7 |c  CONDICIONES DE TRABAJO 
650 7 |d  SALUD - SEGURIDAD - BIENESTAR DEL PERSONAL. 
942 |c BK  |2 ddc 
991 |a TEXTO 
999 |c 14553